[Event "3rd Riga Tech Uni Op"]
[Site "Riga LAT"]
[Date "2013.08.08"]
[Round "6.14"]
[White "Klenburg,M"]
[Black "Neiksans,A"]
[Result "0-1"]
[WhiteElo "2371"]
[BlackElo "2557"]

1.Nf3 d5 2.g3 c6 3.Bg2 Bg4 4.O-O Nd7 5.d4 Ngf6 6.Nbd2 h6 7.c3 e6 8.Re1 Bf5
9.Qb3 Qb6 10.a4 Be7 11.Qa2 O-O 12.Nh4 Bh7 13.e4 Nxe4 14.Nxe4 dxe4 15.Bxe4 Bxh4
16.Bxh7+ Kxh7 17.gxh4 Qa5 18.Qb1+ Kg8 19.Qd3 Qh5 20.Qg3 Rae8 21.Bf4 f6 22.Bd6 Rf7
23.c4 e5 24.Qh3 Nb6 25.b3 Nc8 26.dxe5 fxe5 27.Bxe5 Rxe5 28.Qxc8+ Kh7 29.Qh3 Rg5+
30.Kh1 Rf3 31.Qe6 Qxh4 32.Qe4+ Qxe4 33.Rxe4 Rxf2 34.Re3 Rgg2 35.h3 Rh2+ 36.Kg1 Rfg2+
37.Kf1 Rb2 38.Kg1 a5 39.Rae1 Rhg2+ 40.Kh1 Kg6 41.Rf3 Kh5 42.Re5+ g5 43.Re1 Rge2
44.Rc1 Kh4  0-1

[Event "2nd Washington Int"]
[Site "Rockville USA"]
[Date "2013.08.08"]
[Round "5.22"]
[White "Adithya,B"]
[Black "Chevannes,S"]
[Result "1-0"]
[WhiteElo "2311"]
[BlackElo "2160"]

1.Nf3 d5 2.g3 Nf6 3.Bg2 c6 4.c4 Bg4 5.Ne5 Bf5 6.cxd5 cxd5 7.Qa4+ Bd7 8.Nxd7 Qxd7
9.Qxd7+ Nbxd7 10.Nc3 e6 11.d4 a6 12.Bf4 Be7 13.Kd2 Nb6 14.Kd3 Kd7 15.Rhc1 Rac8
16.a4 Nc4 17.b3 Na5 18.Rab1 Ba3 19.Rc2 Nc6 20.Na2 a5 21.f3 Ke7 22.Bc1 Bb4
23.Bb2 Rhd8 24.e3 Nd7 25.Rbc1 h5 26.Ke2 Bd6 27.Kf2 h4 28.Bf1 hxg3+ 29.hxg3 Rh8
30.Bg2 Nb6 31.f4 g5 32.Rd2 Nd7 33.Rdd1 gxf4 34.gxf4 Nf6 35.Rh1 Rcg8 36.Rxh8 Rxh8
37.Rh1 Rg8 38.Bf3 Kd7 39.Bc3 b6 40.Rg1 Rxg1 41.Kxg1 Ne7 42.Be1 Nf5 43.Kf2 Nh4
44.Bh1 Nh5 45.Ke2 Be7 46.Nc1 Nf5 47.Bf3 Nhg3+ 48.Kd3 Ba3 49.Na2 Kc6 50.Bf2 Be7
51.Nc3 Kd7 52.Nxd5 exd5 53.Bxd5 Ke8 54.e4 Nh1 55.Be1 Bh4 56.Bxh4 Nxh4 57.Kc4 Ng6
58.f5 Ne7 59.Bb7 Kd7 60.f6 Ng8 61.e5 Ng3 62.d5 Nxf6 63.exf6 Ne4 64.Kb5 Kc7
65.Ba8 Nd6+ 66.Ka6 Ne4 67.Ka7 Nd6 68.Bc6 Nc8+ 69.Ka6 Nd6 70.Bb5 Ne4 71.Be8 Nd6
72.Bc6 Ne4 73.Bb5 Nd6 74.Bd3 Ne8 75.Be2 Nxf6 76.d6+ Kc6 77.Bb5+ Kxd6 78.Kxb6 Nd5+
79.Kxa5 f5 80.b4 f4 81.Be2 Kc7 82.b5 Nb6 83.Kb4 Nd5+ 84.Kc4 Nb6+ 85.Kb3 Nd7
86.a5 Ne5 87.Kb4 f3 88.Bf1 Nd7 89.Kc4 Ne5+ 90.Kc5 Ng4 91.a6 Ne3 92.b6+ Kb8
93.a7+ Kb7 94.Ba6+  1-0

[Event "HZ Open 2013"]
[Site "Vlissingen NED"]
[Date "2013.08.08"]
[Round "7.7"]
[White "Bosboom,M"]
[Black "Huschenbeth,N"]
[Result "1-0"]
[WhiteElo "2396"]
[BlackElo "2542"]

1.Nf3 d5 2.g3 Bg4 3.Bg2 c6 4.d3 e6 5.O-O Bd6 6.c4 Nf6 7.Nc3 O-O 8.Qb3 Nbd7
9.Be3 Qc7 10.cxd5 exd5 11.Rac1 a6 12.Bd4 Rfe8 13.Rfe1 b5 14.Ng5 Qb8 15.e4 b4
16.Na4 Qb5 17.f4 h6 18.Nxf7 Kxf7 19.e5 Be7 20.exf6 Bxf6 21.Bxf6 Kxf6 22.d4 Bf5
23.Bf1 Qb7 24.Qf3 Be4 25.Qh5 Ke7 26.Qg6 Kf8 27.Qd6+ Kg8 28.Rxc6 Nf8 29.Rb6 Qf7
30.Qxb4 Ne6 31.Nc3 a5 32.Qa4 Qa7 33.Ra6 Qxd4+ 34.Qxd4 Nxd4 35.Rxa8 Nf3+ 36.Kf2 Rxa8
37.Rd1 Nxh2 38.Be2 Rb8 39.b3 Rc8 40.Nxd5 Rc2 41.Ke3 Bg2 42.f5 Bh3 43.a4 Rb2
44.Bc4 Kf8 45.Kd4 Bxf5 46.Kc5 g5 47.Ne3 Bh3 48.Kb5 h5 49.Kxa5 Nf3 50.Kb4 Ra2
51.a5 Ne5 52.Bd5 Bd7 53.Rh1 Be8 54.Rf1+ Ke7 55.Rf5 Nd3+ 56.Kc3 Rxa5 57.Rxg5 Nc5
58.Re5+ Kd8 59.Nc4 Ra1 60.Re3 Rb1 61.Ne5 Kc7 62.Nd3 Nxd3 63.Rxe8 Nc5 64.Re5 Rg1
65.Rg5 Kd6 66.b4 Ne6 67.Bxe6 Kxe6 68.Kc4 Kd6 69.Kb5 Kc7 70.Rg7+ Kc8 71.Kc6 Rc1+
72.Kb6 Rg1 73.Rg5 Rg2 74.b5 Rg1 75.Kc6 Rc1+ 76.Rc5 Rh1 77.Kb6+ Kd7 78.Kb7 h4
79.gxh4 Rxh4 80.Rd5+ Ke6 81.Rd1 Rb4 82.b6 Rb2 83.Kc7 Rc2+ 84.Kb8 Rb2 85.b7 Ke7
86.Ra1  1-0

[Event "39th Badalona Open A"]
[Site "Badalona ESP"]
[Date "2013.08.09"]
[Round "8.7"]
[White "Lorenzo de la Riva,L"]
[Black "Valsecchi,A"]
[Result "1/2-1/2"]
[WhiteElo "2449"]
[BlackElo "2412"]

1.Nf3 d5 2.g3 Nf6 3.Bg2 e6 4.c4 Be7 5.O-O O-O 6.b3 c5 7.e3 Nc6 8.Bb2 d4 9.exd4 cxd4
10.Re1 a5 11.d3 Re8 12.Na3 Bb4 13.Re2 e5 14.Nc2 Bf8 15.h3 Bf5 16.Nh4 Bd7
17.Na3 Ra6 18.Nb5 Qc8 19.Kh2 g5 20.Nf3 g4 21.hxg4 Bxg4 22.Qd2 h6 23.a3 Bh5
24.Rae1 Nb8 25.Kg1 Nbd7 26.Rxe5 Nxe5 27.Rxe5 Rd8 28.Nfxd4 Bg6 29.Qf4 Qb8
30.Nc6 Rxc6 31.Bxc6 Nh5 32.Qh4 Bg7 33.Bd5 Bxe5 34.Bxe5 Qxe5 35.Qxd8+ Kg7
36.Bf3 Nxg3 37.Qd4 Qxd4 38.Nxd4 Nf5 39.Nxf5+ Bxf5 40.Bxb7 Bxd3 41.c5 Kf6
42.Bd5 Bb5 43.Kg2 Ke5 44.Bxf7 Kd4 45.Kg3 Kxc5 46.Kf4 Kd6 47.Kf5 Bd3+ 48.Kf6 Bc2
49.f4 Kc5 50.b4+ axb4 51.axb4+ Kxb4 52.Bg6 Bd1 53.Kg7 h5 54.f5 h4 55.f6 Bb3
56.Bf5 Kc5 57.Kh6 Kd6 58.Kg5 Ke5  1/2-1/2

[Event "22nd Kavala Open 2013"]
[Site "Kavala GRE"]
[Date "2013.08.09"]
[Round "5.20"]
[White "Sourgkounis,A"]
[Black "Bombek,P"]
[Result "1-0"]
[WhiteElo "1894"]
[BlackElo "2241"]

1.Nf3 d5 2.g3 Nf6 3.Bg2 c5 4.c4 e6 5.O-O Nc6 6.b3 Be7 7.Bb2 O-O 8.d3 Qc7
9.Na3 a6 10.Rc1 Nb4 11.Qd2 d4 12.Nc2 Nxc2 13.Qxc2 e5 14.Rfe1 h6 15.e3 Bf5
16.exd4 exd4 17.b4 cxb4 18.Nxd4 Bg6 19.Qe2 Rfe8 20.Qf3 Rab8 21.Nb3 Bh5 22.Qf5 Bg6
23.Qf3 Bh5 24.Qf4 Qd7 25.c5 Rbc8 26.Qxb4 Qxd3 27.Qxb7 Rb8 28.Qc7 Rbc8 29.Qb7 Rb8
30.Qa7 Be2 31.Rc3 Qb5 32.Re3 Bxc5 33.Rxe8+ Nxe8 34.Nxc5 Qxb2 35.Rxe2 Qb1+
36.Bf1 Nf6 37.Nb3 Rd8 38.Qxa6 Qf5 39.Rd2 Re8 40.Qd3 Qh5 41.Re2 Rc8 42.h3  1-0

[Event "39th Badalona Open A"]
[Site "Badalona ESP"]
[Date "2013.08.10"]
[Round "9.3"]
[White "Fluvia Poyatos,Jor"]
[Black "Perez Mitjans,O"]
[Result "1-0"]
[WhiteElo "2447"]
[BlackElo "2475"]

1.Nf3 d5 2.g3 Nc6 3.Bg2 e5 4.d3 f6 5.c3 a5 6.Nbd2 Be6 7.O-O Nge7 8.e4 Qd7
9.Re1 O-O-O 10.a3 g5 11.b4 Ng6 12.Qa4 g4 13.Nh4 Nxh4 14.gxh4 d4 15.b5 Nb8
16.Qxa5 b6 17.Qa4 dxc3 18.Nc4 Bxc4 19.dxc4 Bc5 20.Be3 Bxe3 21.Rxe3 Qd2 22.c5 c2
23.Ree1 Rd4 24.Qb3 Nd7 25.cxb6 Nxb6 26.Rec1 Rc4 27.Bf1 Rc3 28.Qe6+ Kb8 29.a4 Rf3
30.a5 g3 31.fxg3 Qe3+ 32.Kh1 Rxf1+ 33.Rxf1 Qxe4+ 34.Kg1 Nd5 35.a6 Ne3 36.a7+ Ka8
37.Rf2 Rd8 38.Rd2 Rf8 39.Qe7 Rc8 40.Qxf6 Nc4 41.Rf2 Na5 42.Rc1 Nc4 43.Qc6+ Qxc6
44.bxc6 Na3 45.Kf1 Rd8 46.Ke2 Rd6 47.Rf5 Rd5 48.Ra1 Ra5 49.Rf3 e4 50.Rc3 Nb5
51.Rxa5 Nxc3+ 52.Kd2  1-0

[Event "TCh-ESP CECLUB Div2"]
[Site "Ciudad Real ESP"]
[Date "2013.08.10"]
[Round "5.1"]
[White "Genov,Peta"]
[Black "Fernandez Borrego,P"]
[Result "1/2-1/2"]
[WhiteElo "2448"]
[BlackElo "2357"]

1.Nf3 d5 2.g3 Nf6 3.Bg2 e6 4.O-O Be7 5.d3 O-O 6.Nbd2 c5 7.e4 Nc6 8.Re1 Re8
9.e5 Nd7 10.Nf1 b5 11.h4 a5 12.N1h2 b4 13.Bg5 Ba6 14.Ng4 Nd4 15.Bxe7 Nxf3+
16.Qxf3 Qxe7 17.Qf4 a4 18.Rad1 Rac8 19.Bf1 Rb8 20.Rc1 Rec8  1/2-1/2

[Event "10th Malaysian Open"]
[Site "Kuala Lumpur MAS"]
[Date "2013.08.10"]
[Round "2.23"]
[White "Suelo,R"]
[Black "Elorta,D"]
[Result "1/2-1/2"]
[WhiteElo "2176"]
[BlackElo "2328"]

1.Nf3 d5 2.g3 c6 3.Bg2 Bf5 4.c4 e6 5.Qb3 Qb6 6.Qxb6 axb6 7.cxd5 exd5 8.d3 Nf6
9.Nc3 Nbd7 10.Bd2 h6 11.O-O Bc5 12.a3 b5 13.Rfe1 O-O 14.h3 Rfe8 15.Rac1 Bb6
16.Na2 Nf8  1/2-1/2

[Event "SS Manhem GM 2013"]
[Site "Gothenburg SWE"]
[Date "2013.08.11"]
[Round "3.4"]
[White "Blomqvist,E"]
[Black "Semcesen,D"]
[Result "1/2-1/2"]
[WhiteElo "2503"]
[BlackElo "2486"]

1.Nf3 d5 2.g3 Nc6 3.d4 Bg4 4.Nbd2 e6 5.c3 f5 6.b4 a6 7.Nb3 Nf6 8.Nc5 Bxc5
9.bxc5 O-O 10.Bg2 Qe7 11.Bf4 Ne4 12.Qc1 Bxf3 13.exf3 Nf6 14.O-O Qd7 15.Re1 Rfe8
16.Rb1 Nd8 17.Rb3 Rc8 18.Be5 Qf7 19.Bf1 Nd7 20.Bf4 h6 21.h4 Nf6 22.c6 Nxc6
23.Rxb7 Re7 24.Qa3 Qe8 25.Qxa6 Ra8 26.Qe2 Nh5 27.Bc1 e5 28.Qc2 Nd8 29.Rb3 e4
30.Ra3 Rb8 31.fxe4 fxe4 32.Ra6 c6 33.Bg2 Qg6 34.c4 Qf5 35.Be3 Reb7 36.cxd5 cxd5
37.Ra5 Nf6 38.Bf4 Rb2 39.Qc3 Ne6  1/2-1/2

[Event "XXIV Jozefa Kochana Mem"]
[Site "Koszalin POL"]
[Date "2013.08.11"]
[Round "3.9"]
[White "Przerwa,W"]
[Black "Brusilowicz,Przemyslaw"]
[Result "0-1"]
[WhiteElo "1779"]
[BlackElo "1954"]

1.g3 d5 2.Nf3 c5 3.Bg2 Nc6 4.O-O Nf6 5.d3 e5 6.c4 d4 7.e3 Be7 8.exd4 exd4
9.h3 O-O 10.Re1 Bd6 11.a3 h6 12.Nbd2 Re8 13.Nf1 Bd7 14.Rxe8+ Qxe8 15.b3 Qe7
16.N1h2 Re8 17.Bf1 Qd8 18.Bd2 a5 19.Bg2 Re7 20.Qf1 Nh7 21.Re1 b6 22.Re2 Qe8
23.Rxe7 Qxe7 24.Qc1 g5 25.Qe1 Kf8 26.Qxe7+ Kxe7 27.g4 Nf8 28.Nf1 Ng6 29.Ng3 Bxg3
30.fxg3 Nge5 31.Ne1 a4 32.bxa4 Na5 33.Bxa5 bxa5 34.Be4 Bxa4 35.Kf2 Bd1 36.Nf3 Bxf3
37.Bxf3 Nxd3+ 38.Ke2 Nb2 39.Bd5 f6 40.Kd2 Kd6 41.Kc2 Na4 42.Kd3 Ke5 43.Bf7 f5
44.gxf5 Kxf5 45.Bd5 h5 46.Be4+ Ke5 47.Bd5 h4 48.gxh4 gxh4 49.Kc2 Kf4 50.Kd2 Nc3  0-1

[Event "21st Poznan Open"]
[Site "Poznan POL"]
[Date "2013.08.11"]
[Round "6.5"]
[White "Pawlowski,Rafal"]
[Black "Weglarz,L"]
[Result "1/2-1/2"]
[WhiteElo "1578"]
[BlackElo "2213"]

1.Nf3 d5 2.g3 Nf6 3.Bg2 e6 4.O-O Be7 5.b3 O-O 6.Bb2 a5 7.a4 Nbd7 8.d3 c5
9.Na3 Re8 10.Re1 Bf8 11.e4 d4 12.e5 Nd5 13.Nc4 N7b6 14.h4 Bd7 15.Ng5 h6 16.Ne4 Bc6
17.Qg4 Nxc4 18.bxc4 f5 19.exf6 Nxf6 20.Nxf6+ Qxf6 21.Bxc6 bxc6 22.Qe4 e5
23.c3 Re7 24.Ba3 Rf7 25.Ra2 dxc3 26.Qxe5 Qxe5 27.Rxe5 Rb8 28.Rc2 Rb3 29.Bxc5 Bxc5
30.Rxc5 Rb2 31.Rxc3 Rfxf2 32.Rb3 Rg2+ 33.Kf1 Rbf2+ 34.Ke1 Ra2 35.Kf1 Rxg3
36.h5 Rh3 37.Kg1 Rg3+ 38.Kf1 Rh3 39.Kg1 Rg3+  1/2-1/2

[Event "XI Miguel Najdorf Open A 2013"]
[Site "Warsaw POL"]
[Date "2013.08.11"]
[Round "7.3"]
[White "Romanishin,O"]
[Black "Sadzikowski,D"]
[Result "1-0"]
[WhiteElo "2494"]
[BlackElo "2455"]

1.Nf3 d5 2.g3 Nf6 3.Bg2 g6 4.c4 dxc4 5.Qa4+ Nfd7 6.Qxc4 Bg7 7.Nc3 Nb6 8.Qb5+ Bd7
9.Qc5 Bc6 10.d3 Na6 11.Qa5 Qd6 12.O-O Qc5 13.Qxc5 Nxc5 14.Rb1 O-O 15.Be3 Ne6
16.Rfc1 h6 17.Nd2 Bxg2 18.Kxg2 c6 19.Nb3 Rfd8 20.Na5 Rd7 21.f4 Rb8 22.Bf2 Nd5
23.Nxd5 Rxd5 24.b4 Nd4 25.e3 Nb5 26.d4 f5 27.Nb3 Kf7 28.Nc5 Nd6 29.a4 Ne4
30.Be1 Ke8 31.Rb3 Bf6 32.Kf3 Nd6 33.Rbb1 a6 34.h3 Ra8 35.Rc2 Ra7 36.Ne6 Kd7
37.Nf8+ Ke8 38.Nxg6 Kf7 39.Ne5+ Bxe5 40.fxe5 Ne8 41.g4 fxg4+ 42.hxg4 Ng7
43.Rh2 Kg6 44.Bg3 Ra8 45.Bf4 Rh8 46.Rbh1 a5 47.Rxh6+ Rxh6 48.Rxh6+ Kf7 49.Rh1 axb4
50.Rb1 Ra5 51.Rxb4 Ne6 52.Rxb7 Rxa4 53.g5 Nf8 54.Ke4 Ng6 55.Bg3 Ra1 56.Rc7 Rc1
57.Kf5 Rg1 58.e6+ Kg7 59.Bf4  1-0

[Event "6th Maria Albulet"]
[Site "Braila ROU"]
[Date "2013.08.12"]
[Round "4.1"]
[White "Raeva,E"]
[Black "Cosma,E"]
[Result "0-1"]
[WhiteElo "2292"]
[BlackElo "2328"]

1.Nf3 d5 2.g3 Nf6 3.Bg2 e6 4.O-O Nbd7 5.d3 b6 6.e4 dxe4 7.dxe4 Bb7 8.e5 Nd5
9.a3 a5 10.c4 Ne7 11.Nc3 Ng6 12.Re1 Be7 13.Nb5 O-O 14.h4 Nc5 15.Nbd4 h5 16.Bg5 Re8
17.Bxe7 Rxe7 18.Qe2 Rd7 19.Rad1 a4 20.Qc2 Qe8 21.Nb5 Rad8 22.Rxd7 Qxd7 23.Re2 Nb3
24.Kh2 Bxf3 25.Bxf3 c6 26.Nc3 Nd4 27.Qe4 Nxe2 28.Qxe2 Qd2 29.Qxd2 Rxd2 30.Bxc6 Nxe5
31.Bb5 Rxf2+ 32.Kg1 Rxb2 33.Nxa4 Rb3 34.Kg2 Rxa3 35.Nxb6 Ra2+ 36.Kf1 Rb2
37.Na4 Rb4  0-1

[Event "22nd ZMDI Open 2013"]
[Site "Dresden GER"]
[Date "2013.08.12"]
[Round "3.4"]
[White "Pancevski,F"]
[Black "Sengupta,D"]
[Result "1/2-1/2"]
[WhiteElo "2484"]
[BlackElo "2580"]

1.Nf3 d5 2.g3 Nc6 3.Bg2 e5 4.d3 Be6 5.c3 Qd7 6.b4 f6 7.O-O Nge7 8.Nbd2 Ng6
9.Re1 Be7 10.e4 dxe4 11.dxe4 O-O 12.Bb2 Rfd8 13.Bf1 Qe8 14.a3 Qf7 15.Bb5 a6
16.Ba4 Nf8 17.Bb3 Rd3 18.Qe2 Rd7 19.Bxe6 Qxe6 20.Nc4 Rad8 21.Ne3 Na7 22.c4 Qh3
23.c5 c6 24.Nf5 Qh5 25.Red1 Nc8 26.Rxd7 Rxd7 27.Kg2 Qe8 28.Qc4+ Kh8 29.h4 Bd8
30.Rh1 h5 31.Qe2 Bc7 32.Nd2 Ne7 33.Nc4 Ne6 34.Nxe7 Rxe7 35.Rd1 Qg6 36.Kh2 Kg8
37.Qf3 Nf8 38.Ne3 Rd7 39.Nf5 Kh8 40.Rxd7 Nxd7 41.Qb3 Qe8 42.Kg2  1/2-1/2

[Event "SS Manhem GM 2013"]
[Site "Gothenburg SWE"]
[Date "2013.08.12"]
[Round "4.5"]
[White "Bae,T"]
[Black "Smith,Ax"]
[Result "1-0"]
[WhiteElo "2453"]
[BlackElo "2468"]

1.Nf3 d5 2.g3 Nc6 3.Bg2 e5 4.d3 Nf6 5.O-O a5 6.Nbd2 Bc5 7.e3 Ba7 8.c4 O-O
9.a3 h6 10.cxd5 Nxd5 11.Nc4 Re8 12.Qc2 Nb6 13.Nfd2 Bf5 14.Ne4 Qe7 15.Bd2 Nxc4
16.Qxc4 Rad8 17.Rfd1 Rd7 18.b4 axb4 19.axb4 Bb6 20.b5 Nd8 21.Bb4 Qe6 22.Qc3 c6
23.Nc5 Bxc5 24.Bxc5 cxb5 25.d4 e4 26.Ra8 Qc6 27.Bb4 Rc7 28.Rc1 Bd7 29.d5 Qxc3
30.Rxc3 Rxc3 31.Bxc3 f5 32.Rb8 Nf7 33.Rxb7 Rc8 34.Bd4 Rc1+ 35.Bf1 Bc8 36.Rb8 Kh7
37.h4 f4 38.Bb2 Rc2 39.exf4 Nd6 40.Be5 Nf5 41.Bxb5 Rc1+ 42.Kg2 Rc2 43.Rxc8 Rxc8
44.d6 e3 45.d7 Rd8 46.Kf3 exf2 47.Kxf2  1-0

[Event "10th Malaysian Open"]
[Site "Kuala Lumpur MAS"]
[Date "2013.08.12"]
[Round "5.16"]
[White "Dableo,R"]
[Black "Yeoh,L"]
[Result "1-0"]
[WhiteElo "2417"]
[BlackElo "2262"]

1.Nf3 d5 2.g3 Nf6 3.Bg2 c6 4.d3 Bf5 5.O-O Nbd7 6.Nbd2 e5 7.e4 dxe4 8.dxe4 Bg6
9.Nh4 Be7 10.Nxg6 hxg6 11.a4 Qc7 12.Nc4 Nb6 13.Ne3 a5 14.Bd2 Bc5 15.Qe2 O-O
16.Rfd1 Rfe8 17.Qe1 Nbd7 18.Bc3 b6 19.Bh3 Nf8 20.Nc4 N8h7 21.Bd2 Nf8 22.Be3 Nxe4
23.Bg2 Nf6 24.Bxc5 bxc5 25.Ra3 N8d7 26.Re3 Nb6 27.Nxe5 Re6 28.Nd3 Rxe3 29.Qxe3 Nxa4
30.Ra1 Re8 31.Qf3 Re4 32.Qd1 Rd4 33.Qe1 Qb6 34.b3 c4 35.bxc4 Nc5 36.Qxa5 Qxa5
37.Rxa5 Nce4 38.Ra8+ Kh7 39.c5 Rc4 40.Ne5 Rxc2 41.Bxe4 Nxe4 42.Nxf7 g5 43.f3 Nxc5
44.Nxg5+ Kg6 45.h4 Nd7 46.Re8 c5 47.Re7 Nf6 48.g4 Rc4 49.Kh2 Nxg4+ 50.fxg4 Rxg4
51.Nf3 Kf5 52.Kh3 Rg6 53.Ng5 Ra6 54.Kg3 Ra3+ 55.Nf3 Kf6 56.Rc7 Rc3 57.Rc6+ Kf5
58.h5 Rc1 59.Rg6 Rh1 60.Rg5+ Kf6 61.Rxc5 Kf7 62.Kg4 Ra1 63.Ng5+ Kf6 64.Rc6+ Ke5
65.Re6+ Kd5 66.Kf5 Ra8 67.Re5+ Kd4 68.Ne6+ Kd3 69.Nxg7  1-0

[Event "ch-FRA w 2013"]
[Site "Nancy FRA"]
[Date "2013.08.12"]
[Round "2.2"]
[White "Delorme,L"]
[Black "Martsynovskaya,M"]
[Result "1/2-1/2"]
[WhiteElo "2183"]
[BlackElo "2156"]

1.Nf3 d5 2.g3 Nf6 3.Bg2 Nbd7 4.d4 e6 5.c4 Be7 6.O-O O-O 7.Qc2 c5 8.cxd5 Nxd5
9.a3 cxd4 10.Nxd4 N7b6 11.Rd1 Bd7 12.e4 Rc8 13.Qe2 Nf6 14.Nc3 a6 15.e5 Nfd5
16.Nxd5 Nxd5 17.Bxd5 exd5 18.e6 Bc6 19.Re1 f5 20.Bf4 Qb6 21.Be3 Qa5 22.Rac1 Bf6
23.Qd3 Bxd4 24.Qxd4 Qa4 25.e7 Rfe8 26.Qc5 Qg4 27.Qd6 d4 28.Qe6+ Kh8 29.Rxc6 bxc6
30.Bxd4 Qg6 31.Qd7 c5 32.Bc3 f4 33.Re6 Qh5 34.Re5 Qg6 35.Re6 Qh5 36.Rxa6 f3
37.h4 Qf7 38.Re6 Kg8 39.Re3 Ra8 40.Qb7 Rab8 41.Qc7 Qd5 42.Qf4 Rb7 43.Qg4 Rexe7
44.Rxf3 Rbd7 45.Rf5 Qc6 46.Rg5 Rf7 47.Re5 Rd5 48.Qe2 Rxe5 49.Qxe5 h6 50.Qe2 Rd7
51.f3 c4 52.Qe8+ Kh7 53.Qe4+ Qxe4 54.fxe4 Kg6 55.Kf2 Kf7 56.a4 Ke6 57.a5 g6
58.Ke3 Rd3+ 59.Kf4 Rd7 60.Ke3 Rd3+ 61.Kf4 Rd7 62.Ke3  1/2-1/2

[Event "FIDE World Cup 2013"]
[Site "Tromso NOR"]
[Date "2013.08.12"]
[Round "2.4"]
[White "Grischuk,A"]
[Black "Bjelobrk,I"]
[Result "1-0"]
[WhiteElo "2785"]
[BlackElo "2341"]

1.Nf3 d5 2.g3 Nf6 3.Bg2 c6 4.O-O Bg4 5.h3 Bh5 6.c4 e6 7.d3 Nbd7 8.cxd5 cxd5
9.Nc3 Be7 10.e4 d4 11.Ne2 Bxf3 12.Bxf3 e5 13.Bg2 O-O 14.f4 Rc8 15.Kh1 Qb6
16.Ng1 Bd6 17.f5 Nc5 18.g4 Qa6 19.g5 Nfd7 20.Rf3 Rc7 21.h4 Rfc8 22.Ne2 Qb5
23.f6 g6 24.h5 Nf8 25.hxg6 fxg6 26.Bh3 Nfe6 27.Rb1 a5 28.Bd2 Kf7 29.b4 axb4
30.Rxb4 Qa6 31.Qb1 Rc6 32.Bg4 R8c7 33.a4 Nf8 34.Ng1 Nce6 35.Rb2 Qxa4 36.Rf1 Rc2
37.Nf3 Rxb2 38.Qxb2 Qc2 39.Qxc2 Rxc2 40.Rb1 Nc5 41.Bb4 Nfe6 42.Kg1 Bc7 43.Ne1 Ra2
44.Rc1 Na6 45.Nf3 Nxb4 46.Bxe6+ Kxe6 47.Rxc7 Nxd3 48.Re7+ Kd6 49.Re8 Ra1+
50.Kh2 Ra2+ 51.Kg3 Nc5 52.f7 Nd7 53.Rd8 Ke6 54.Rxd7 Ra8 55.Rxb7  1-0

[Event "22nd ZMDI Open 2013"]
[Site "Dresden GER"]
[Date "2013.08.13"]
[Round "4.2"]
[White "Prohaszka,P2"]
[Black "Oleksienko,M"]
[Result "1/2-1/2"]
[WhiteElo "2567"]
[BlackElo "2596"]

1.Nf3 d5 2.g3 Nf6 3.Bg2 c5 4.O-O Nc6 5.d4 e6 6.c4 dxc4 7.dxc5 Qxd1 8.Rxd1 Bxc5
9.Nbd2 c3 10.bxc3 O-O 11.Nb3 Be7 12.c4 Bd7 13.Bb2 Rfd8 14.Ne5 Be8 15.Nxc6 Bxc6
16.Bxc6 bxc6 17.Be5 Ng4 18.Bc7 Rdc8 19.Bd6 Bxd6 20.Rxd6 Rab8 21.Rad1 g5 22.c5 Ne5
23.R1d4 Kg7 24.f4 gxf4 25.gxf4 Ng6 26.Rd7 e5 27.fxe5 Nxe5 28.Rxa7 Ra8 29.Rda4 Rxa7
30.Rxa7 Rb8 31.Ra4 Kf6 32.Kf2 Ke6 33.Rh4 Ra8 34.a4 Rb8 35.Nd2 Kd5 36.Nf3 Nxf3
37.Kxf3 Kxc5 38.Rxh7 Kb4 39.Rxf7 c5 40.Rc7 c4 41.e4 c3 42.e5 Kb3 43.Ke4 c2
44.e6 Ra8 45.e7 Re8 46.Kd3 Rxe7 47.Rc3+ Kxa4 48.Rxc2 Rh7 49.Rc4+ Kb5 50.h4 Rh8
51.Kc3 Rh7 52.Kb3 Rh8 53.Kc3 Rh7 54.Kd3 Rh8 55.Rf4 Kc6 56.Ke4 Kd6 57.Kf3 Ke7
58.Kg4 Rf8 59.Ra4 Kf7 60.Kg5 Kg8 61.Kg6 Rb8 62.Ra6 Kh8 63.h5 Kg8 64.h6 Kh8
65.Re6 Ra8 66.h7 Ra6 67.Rxa6  1/2-1/2

[Event "24th ch-NATO 2013"]
[Site "Rynia POL"]
[Date "2013.08.13"]
[Round "3.1"]
[White "Karbowiak,A"]
[Black "Drabke,L"]
[Result "0-1"]
[WhiteElo "2167"]
[BlackElo "2431"]

1.Nf3 d5 2.g3 c6 3.Bg2 Bg4 4.O-O Nd7 5.d4 e6 6.b3 Bd6 7.c4 Ne7 8.Nc3 O-O
9.Re1 f5 10.Ng5 f4 11.f3 Ng6 12.Nh3 Bxh3 13.Bxh3 fxg3 14.Bxe6+ Kh8 15.cxd5 cxd5
16.e4 Nh4 17.e5 Nxe5 18.Rxe5 Bxe5 19.Bxd5 Bxd4+  0-1

[Event "24th ch-NATO 2013"]
[Site "Rynia POL"]
[Date "2013.08.13"]
[Round "3.19"]
[White "Oltean,G"]
[Black "Fichtner,E"]
[Result "0-1"]
[WhiteElo "2084"]
[BlackElo "2018"]

1.Nf3 d5 2.g3 Nf6 3.Bg2 c6 4.O-O Bf5 5.d4 e6 6.Nbd2 Nbd7 7.c4 h6 8.b3 Be7
9.Bb2 O-O 10.Ne5 a5 11.a4 Qb6 12.Nxd7 Nxd7 13.e4 dxe4 14.Bxe4 Bxe4 15.Nxe4 Nf6
16.Nd2 Rfd8 17.Qc2 Nh7 18.Nf3 Ng5 19.Ne5 Bf6 20.c5 Qc7 21.f4 Bxe5 22.dxe5 Nh7
23.f5 exf5 24.Rxf5 Nf8 25.Raf1 Ne6 26.Qf2 Rf8 27.Bc1 Qe7 28.Be3 Rad8 29.Rc1 Rd5
30.h4 Qd7 31.Qc2 Rd3 32.Qf2 Qd5 33.Rf1 Rd1 34.Rxd1 Qxd1+ 35.Kh2 Qxb3 36.Qe2 Rd8
37.Qf2 Rd3 38.Bc1 Rd1 39.Be3 Qd5  0-1

[Event "22nd ZMDI Open 2013"]
[Site "Dresden GER"]
[Date "2013.08.14"]
[Round "5.7"]
[White "Gutman,L"]
[Black "Bluebaum,M"]
[Result "1/2-1/2"]
[WhiteElo "2441"]
[BlackElo "2513"]

1.Nf3 d5 2.g3 Bg4 3.Bg2 Nd7 4.O-O Ngf6 5.h3 Bh5 6.c4 e6 7.cxd5 exd5 8.d4 c6
9.Qb3 Qb6 10.Qe3+ Be7 11.Nh4 Bg6 12.Nc3 Nf8 13.f4 h6 14.f5 Bh7 15.b3 Qc7
16.Ba3 Kd8 17.Bxe7+ Qxe7 18.Qf2 N8d7 19.Rfe1 Re8 20.e4 Qb4 21.Rac1 dxe4 22.Nxe4 Nxe4
23.Rxe4 Rxe4 24.Bxe4 Kc7 25.Ng2 Re8 26.Bf3 Qa3 27.Qd2 Qd6 28.Kh2 Kb8 29.Ne3 Qe7
30.Nc4 Qg5 31.Qxg5 hxg5 32.Kg2 Re7 33.g4 g6 34.fxg6 Bxg6 35.Kf2 f6 36.Ne3 Nb6
37.a4 Be4 38.a5 Nd5 39.Nxd5 Bxd5 40.Bxd5 cxd5 41.Rc5 Rd7 42.b4 Rd6 43.Kg3 b6
44.axb6 axb6 45.Rc3 Re6 46.Rf3 Kc7 47.b5 Kd7 48.h4 gxh4+ 49.Kxh4 Ke7 50.Rf5 Re4
51.Rxd5 Ke6 52.Rd8 Ke7  1/2-1/2

[Event "22nd ZMDI Open 2013"]
[Site "Dresden GER"]
[Date "2013.08.14"]
[Round "5.12"]
[White "Hess,C1"]
[Black "Sengupta,D"]
[Result "0-1"]
[WhiteElo "2273"]
[BlackElo "2580"]

1.Nf3 d5 2.g3 Nc6 3.d4 Bf5 4.Bg2 Qd7 5.O-O Bh3 6.c4 Bxg2 7.Kxg2 e6 8.cxd5 exd5
9.Nc3 Bb4 10.Qb3 Nge7 11.Bd2 O-O 12.e3 Bxc3 13.Bxc3 Rfb8 14.a4 Nf5 15.Rfe1 Qe6
16.Qc2 Nd6 17.b4 a6 18.Nd2 Ne7 19.Qd3 c6 20.Nb3 Nef5 21.Nc5 Qg6 22.Rad1 Ne4
23.Nxe4 Nh4+ 24.Kh1 dxe4 25.Qc4 Nf3 26.d5 Qh5 27.h4 Qg4 28.Kg2 Nxh4+ 29.Kf1 Nf3
30.dxc6 bxc6 31.Rd6 Nxe1 32.Kxe1 Rd8 33.Qxa6 Qd1+ 34.Rxd1 Rxd1+ 35.Kxd1 Rxa6
36.a5 f6 37.Kc2 Kf7 38.Kb3 h5 39.Kc4 Ke6 40.b5 cxb5+ 41.Kxb5 Ra8 42.a6 g5
43.Ba5 Kd6 44.Bc3 Rb8+ 45.Ka5 h4 46.gxh4 gxh4 47.Bxf6 h3 48.Bh4 Kc6 49.a7 Ra8  0-1

[Event "XXIV Jozefa Kochana Mem"]
[Site "Koszalin POL"]
[Date "2013.08.14"]
[Round "6.2"]
[White "Voloshin,L"]
[Black "Piotrowski,Pawel"]
[Result "1/2-1/2"]
[WhiteElo "2420"]
[BlackElo "1959"]

1.Nf3 d5 2.g3 Nf6 3.Bg2 Bf5 4.O-O e6 5.d3 Be7 6.Nbd2 O-O 7.Qe1 h6 8.e4 Bh7
9.Qe2 c5 10.b3 Nc6 11.Bb2 b5 12.Ne5 Rc8 13.Nxc6 Rxc6 14.Bxf6 Bxf6 15.e5 Be7
16.c4 Rb6 17.cxd5 exd5 18.Rad1 f6 19.Rfe1 Kh8 20.Nf3 Bf5 21.h3 Re6 22.Qd2 d4
23.Re2 fxe5 24.Nxe5 Bd6 25.Rde1 Qf6 26.f4  1/2-1/2

[Event "28th Metropolitan GM"]
[Site "Los Angeles USA"]
[Date "2013.08.14"]
[Round "3"]
[White "Khachiyan,M"]
[Black "Liou,Y"]
[Result "1/2-1/2"]
[WhiteElo "2508"]
[BlackElo "2402"]

1.Nf3 d5 2.g3 Nf6 3.Bg2 c6 4.O-O Bf5 5.c4 e6 6.Qb3 Qb6 7.d3 h6 8.Nc3 Nbd7
9.Qxb6 axb6 10.cxd5 Nxd5 11.e4 Nxc3 12.exf5 Ne2+ 13.Kh1 Nxc1 14.fxe6 Nxa2
15.exd7+ Kxd7 16.Ne5+ Kc7 17.Nxf7 Rg8 18.d4 Bd6 19.d5 Nb4 20.dxc6 bxc6 21.Rad1 Bc5
22.Bh3 Nd5 23.Be6 Nf6 24.f4 Rge8 25.f5 Ra4 26.b3  1/2-1/2

[Event "21st Poznan Open"]
[Site "Poznan POL"]
[Date "2013.08.14"]
[Round "9.28"]
[White "Koper,K"]
[Black "Kostecka,Marika"]
[Result "1-0"]
[WhiteElo "1619"]
[BlackElo "1262"]

1.Nf3 d5 2.g3 e6 3.d4 Nf6 4.c4 c6 5.Qc2 Nbd7 6.Bg2 Bd6 7.O-O O-O 8.b3 e5
9.dxe5 Nxe5 10.Bb2 Nxf3+ 11.Bxf3 Bh3 12.Rd1 Be6 13.cxd5 cxd5 14.Nc3 Qc8 15.Rac1 Bf5
16.Qd2 Bb4 17.Qf4 Bxc3 18.Bxc3 Qe6 19.Bxf6 Qxf6 20.g4 Be4 21.Qxf6 gxf6 22.Bxe4 dxe4
23.Rd7 Rfd8 24.Rxb7 Rd2 25.Rcc7 Rxa2 26.Rxf7 Rxe2 27.Rg7+ Kf8 28.Rxh7 Rc8
29.Rh8+  1-0

[Event "24th ch-NATO 2013"]
[Site "Rynia POL"]
[Date "2013.08.14"]
[Round "4.22"]
[White "Ranario,D"]
[Black "Akman,Serkan"]
[Result "1-0"]
[WhiteElo "2062"]
[BlackElo "1948"]

1.Nf3 d5 2.g3 Nf6 3.Bg2 e6 4.O-O Be7 5.d3 b6 6.c4 Bb7 7.cxd5 exd5 8.d4 O-O
9.Nc3 Nbd7 10.Qc2 a6 11.Rd1 Rc8 12.Ne5 c5 13.Bf4 cxd4 14.Nxd7 dxc3 15.Nxf8 cxb2
16.Qxb2 Bxf8 17.Be5 Rc5 18.a4 Be7 19.Rab1 b5 20.Bd4 Rc4 21.axb5 Rb4 22.Qa2 Rxb5
23.Rxb5 axb5 24.Bxf6 gxf6 25.Bxd5 Bxd5 26.Rxd5 Qb6 27.Qc2 Bf8 28.Rh5 h6 29.Rh4 b4
30.Rg4+ Kh8 31.Qb3 Qb7 32.Rf4 Kg7 33.Rf3 Qa6 34.Rd3 Qb5 35.h4 Qc6 36.Qd1 Qb6
37.Rd7 Qe6 38.Qd5 Qe8 39.Rb7 Kg8 40.Kg2 Kg7 41.e4 Kg8 42.f3 Be7 43.Ra7 Bf8
44.h5 Kg7 45.Rb7 Kg8 46.f4 Kg7 47.Kf3 Kg8 48.Qd7 Qxd7 49.Rxd7 Bc5 50.Rb7 Kf8
51.Kg4 Kg7 52.Rb5 Be7 53.Kf5 Bf8 54.Rb6 Bc5 55.Rb5 Bf8 56.Kg4 Bd6 57.Kf3 Kf8
58.Ke2 Ke8 59.Kd3 Kd7 60.Kc4 Ke6 61.Rb6 Kd7 62.Kd5  1-0